| 000 | 00663nam a2200169 a 4500 | ||
|---|---|---|---|
| 008 | 120416s1990 ||||||||||||||||| || u | ||
| 020 | _a0077072243 | ||
| 050 | _aHF 5030 Nee | ||
| 100 | _aNeedham, David | ||
| 245 | 1 | 0 | _aBusiness studies |
| 260 |
_aLondon: _bMcGraw-Hill _c1990 |
||
| 350 | _a0.00 | ||
| 650 | 0 | _aINDUSTRIAL MANAGEMENT | |
| 650 | 0 | _aBUSINESS | |
| 995 |
_aMAIN LIBRARY OPEN ACCESS _D0.00 _e026081 _FCBU-MAIN LIBRARY (Kitwe) _H1 _I11.99 _jHF 5030 Nee _ULOST _y026081 _ZMain Library Open Access Collection |
||
| 995 |
_aBINDERY (DAMAGED) _D0.00 _e728261 _FCBU-MAIN LIBRARY (Kitwe) _H2 _I11.99 _jHF 5030 Nee _M1 _UDAMAGED _y026082 _ZMain Library Open Access Collection |
||
| 999 |
_c77958 _d77958 |
||